Best Countries to Live In (Prosperity Index) - Statistics

General Stats
  • This quiz has been taken 2,230 times
    1,767 since last reset
  • The average score is 17 of 20
Answer Stats
# Country % Correct
17 United States
97%
14 Canada
95%
5 Finland
95%
2 Norway
95%
4 Sweden
95%
8 Germany
92%
11 United Kingdom
92%
1 Denmark
91%
16 Australia
90%
18 Japan
90%
3 Switzerland
90%
10 Iceland
87%
7 New Zealand
86%
6 Netherlands
85%
12 Ireland
83%
13 Austria
82%
9 Luxembourg
77%
15 Singapore
71%
20 Estonia
50%
19 Malta
43%
No matching quizzes found
Score Distribution
Percent of People with Each Score
Percentile by Number Answered
Your Score History
You have not taken this quiz since the last reset